Southville International School and Colleges
Your cart is empty.
  • Cart
  • Lists
    Public lists Eva Luna New books Lux_list list_1
    Your lists Log in to create your own lists
  • Log in to your account
  • Your cookies
  • Search history
Southville International School and Colleges
  • Advanced search
  • Recent comments
  • Most popular
  • Libraries

Log in to your account

Log in with GOOGLE


If you do not have an external account, but do have a local account, you can still log in:

  1. Home
  2. MARC view: The Governor-general's kitchen :
Normal view MARC view ISBD view

The Governor-general's kitchen : (Record no. 305203)

[ view plain ]
MARC details
000 -LEADER
fixed length control field 00738nam a2200241Ia 4500
008 - FIXED-LENGTH DATA ELEMENTS--GENERAL INFORMATION
fixed length control field 161112s9999 xx 000 0 und d
020 ## - INTERNATIONAL STANDARD BOOK NUMBER
International Standard Book Number 971-27-1696-1
050 ## - LIBRARY OF CONGRESS CALL NUMBER
Classification number CUL TX 724.5
050 ## - LIBRARY OF CONGRESS CALL NUMBER
Item number .P5S73 2006
100 ## - MAIN ENTRY--PERSONAL NAME
Personal name Sta. Maria, Felice Prudente.
245 #4 - TITLE STATEMENT
Title The Governor-general's kitchen :
245 #0 - TITLE STATEMENT
Remainder of title Philippine culinary vignettes and period recipes, 1521-1395 /
245 #0 - TITLE STATEMENT
Statement of responsibility, etc Felice Prudente Sta. maria.
260 ## - PUBLICATION, DISTRIBUTION, ETC. (IMPRINT)
Place of publication, distribution, etc Manila :
260 ## - PUBLICATION, DISTRIBUTION, ETC. (IMPRINT)
Name of publisher, distributor, etc Anvil Publishing Inc.,
260 ## - PUBLICATION, DISTRIBUTION, ETC. (IMPRINT)
Date of publication, distribution, etc 2006
300 ## - PHYSICAL DESCRIPTION
Extent 318 pages :
300 ## - PHYSICAL DESCRIPTION
Other physical details illustrations ;
300 ## - PHYSICAL DESCRIPTION
Dimensions 29 cm.
500 ## - GENERAL NOTE
General note Includes bibliographical references and index.
650 ## - SUBJECT ADDED ENTRY--TOPICAL TERM
Topical term or geographic name as entry element Cooking, Philippines.
650 ## - SUBJECT ADDED ENTRY--TOPICAL TERM
General subdivision Philippines -- social life and customs.
Holdings
Withdrawn status Lost status Damaged status Home library Current library Shelving location Date acquired Total Checkouts Full call number Barcode Date last seen Price effective from Koha item type
      South Mansfield College South Mansfield College   07/10/2012   CUL TX 724.5 .P5S73 2006 SMC05754 11/12/2016 11/12/2016  

The Governor-general's kitchen :

APA

Sta. Maria F. P., .The Governor-general's kitchen. Manila: .

Chicago

Sta. Maria Felice Prudente, .The Governor-general's kitchen. Manila: .

Harvard

Sta. Maria F. P., .The Governor-general's kitchen. Manila: .

MLA

Sta. Maria Felice Prudente, .Manila: . .

  • Place hold
  • Print
  • Cite
  • Add to your cart (remove)
  • Save record
    BIBTEX Dublin Core MARCXML MARC (non-Unicode/MARC-8) MARC (Unicode/UTF-8) MARC (Unicode/UTF-8, Standard) MODS (XML) RIS
  • More searches
    Search for this title in:
    Other Libraries (WorldCat) Other Databases (Google Scholar) Online Stores (Bookfinder.com) Open Library (openlibrary.org)

Exporting to Dublin Core...

SOUTHVILLE LIBRARY

Southville International School and Colleges Library

1281 Tropical Ave. Cor. Luxembourg St., BF Homes International, Las Pinas City

Tel. No. 8256374 / 252358 Loc. 117/146

Powered by Koha